[Event "BL2-Nord 9900"]
[Site "Germany"]
[Date "2000.02.20"]
[Round "6.2"]
[White "Bangiev, Alexander J"]
[Black "Apel, Stefan"]
[Result "1-0"]
[WhiteElo "2400"]
[BlackElo "2330"]
[Annotator "Bangiev,A"]
[PlyCount "53"]
[EventDate "1999.10.10"]
[EventType "team-tourn"]
[EventRounds "9"]
[EventCountry "GER"]
[SourceTitle "CBM 074 Extra"]
[Source "ChessBase"]
[SourceDate "2000.03.10"]
[SourceVersion "2"]
[SourceVersionDate "2000.03.10"]
[SourceQuality "1"]
[WhiteTeam "Isernhagen"]
[BlackTeam "Berlin Empor"]
[WhiteTeamCountry "GER"]
[BlackTeamCountry "GER"]

1. e4 c5 2. Nf3 Nc6 3. d4 cxd4 4. Nxd4 Nf6 5. Nc3 d6 6. f3 e6 7. Be3 Be7 8. Qd2
O-O 9. O-O-O a6 10. g4 Nd7 (10... Nxd4 11. Qxd4 b5 12. g5 Nd7 13. h4) 11. h4 (
11. f4 $1) 11... Nde5 12. Qe2 $5 (12. Be2 b5 (12... Na5 13. b3 $1 d5 14. f4 $1)
13. f4 Nxd4 14. Bxd4 Nc6 $132) (12. Qf2 b5 13. Nxc6 Nxc6 14. g5) 12... b5 13.
g5 (13. f4 $6 Nxd4 14. Bxd4 Nc6) 13... Bb7 (13... Bd7 $5 14. Nb3 $5 (14. f4 b4
$1 15. Nb1 (15. fxe5 bxc3 16. exd6 cxb2+ 17. Kb1 Bxd6 $13) 15... Nxd4 16. Bxd4
Nc6 $132) (14. h5 $6 b4 15. Nb1 Nxd4 (15... Bxg5 16. f4) (15... Qa5 16. Nb3
Qxa2 17. f4 $16) 16. Rxd4 Qa5) (14. Bh3 $6 b4 15. Nb1 (15. Na4 Nxd4 16. Bxd4
Bxa4 17. Bxe5 Bxc2 $17) 15... Qa5 16. Nb3 Qxa2 17. f4 (17. h5 Rfc8) 17... Ng6
18. h5 Nh8 $17) 14... Nc4 (14... b4 15. Na4 $1) 15. f4 Nxe3 16. Qxe3 b4 17. Na4
$13) (13... b4 14. Na4 $5 (14. Nxc6 Nxc6 15. Na4 Qa5 16. b3 Bd7 17. Bh3 $36
Rab8 (17... Ne5 18. Nb6) 18. Kb1 (18. f4 Nd8) (18. h5 Nd8) 18... Ne5 19. Nb2
Rfc8 $132) 14... Nxd4 (14... Bd7 15. Nb3 $1) 15. Bxd4 Bd7 16. Nb6 Bb5 17. Qf2
Rb8 18. f4 Nc6 19. Be3 $14) 14. Kb1 Rc8 (14... b4 15. Na4 Qa5 16. b3) 15. Bh3
Nc4 $6 (15... Nxd4 16. Bxd4 Nc6 17. Be3 $13) 16. g6 $5 {[%mdl 640]} (16. Nxe6
fxe6 17. Bxe6+ Kh8 18. Bxc8 Qxc8 $13) 16... hxg6 $6 (16... Nxe3 17. gxf7+ Rxf7
18. Qxe3 Nxd4 19. Rxd4 Qd7 20. Rd3 {/\Ne2-d4 -> Pe6} Rcf8 21. Bg4) 17. Nxe6
fxe6 18. Bxe6+ Kh7 (18... Rf7 19. h5 g5 20. h6 $16) 19. Bg5 (19. h5 g5) 19...
Rf6 (19... Rb8 20. f4 Rh8 21. h5 (21. Rd5 $1) 21... Bxg5 22. hxg6+ Kxg6 23. Qg4
$18) 20. Bxc8 Qxc8 21. f4 (21. h5 $1) 21... Re6 22. h5 $18 Kg8 (22... Bxg5 23.
hxg6+ Kg8 24. fxg5) 23. hxg6 Rxg6 24. Qh5 Re6 25. f5 Re5 26. Qh7+ Kf8 27. Qg6
1-0

[Event "Petrov Memorial op"]
[Site "St Petersburg"]
[Date "2000.02.14"]
[Round "7"]
[White "Sergeev, Veniamin"]
[Black "Pavlov, Aleksandr"]
[Result "1-0"]
[WhiteElo "2425"]
[BlackElo "2311"]
[Annotator "Bangiev,A"]
[PlyCount "65"]
[EventDate "2000.02.05"]
[EventType "swiss"]
[EventRounds "9"]
[EventCountry "RUS"]
[SourceTitle "CBM 076"]
[Source "ChessBase"]
[SourceDate "2000.05.31"]
[SourceVersion "1"]
[SourceVersionDate "2000.05.31"]
[SourceQuality "1"]

1. e4 c5 2. Nf3 d6 3. d4 cxd4 4. Nxd4 Nf6 5. Nc3 a6 6. f3 e6 7. Be3 b5 8. g4 h6
9. Qd2 Bb7 10. O-O-O Nbd7 11. h4 Rc8 $6 (11... b4 $142) 12. Bh3 $1 {/\g5} Ne5 (
12... b4 13. Na4 Qa5 14. b3 Nc5 15. g5 $36) 13. g5 b4 (13... Nc4 14. Qf2 b4 15.
Na4 Qa5 16. b3 $16) 14. Na4 Qa5 15. b3 Nfd7 16. Kb1 (16. Qe2 Nc5 $5) 16... Nc4
(16... Nxf3 $5 17. Nxf3 Bxe4 18. Nd4 Bxh1 19. Rxh1 hxg5 20. hxg5 Ne5 21. Qg2
$16 {[%cal Yg5g6]}) 17. bxc4 Qxa4 18. g6 $1 {[%mdl 128] Die Pointe der
vorangegangenen Spieles.} fxg6 (18... f5 19. Nxe6 Ne5 20. Bc5 Nxc4 21. Qxb4 $16
) (18... Nc5 $5 19. Bf2 $16 {[%cal Yd2f4]}) 19. Bxe6 Rc7 20. Qg2 $1 g5 (20...
Ne5 21. f4 $16) 21. hxg5 Ne5 22. f4 Nxc4 23. Bxc4 Rxc4 24. gxh6 $18 {[%cal
Yg2g6]} Qd7 25. Qg6+ Qf7 26. hxg7 Bxg7 27. Rxh8+ Bxh8 28. Qxd6 Bxd4 29. Bxd4
Bxe4 30. Qb8+ Ke7 31. Bc5+ Kf6 32. Qh8+ Kf5 33. Qh3+ 1-0

[Event "Pamplona 9495 5th"]
[Site "Pamplona"]
[Date "1994.??.??"]
[Round "?"]
[White "De la Villa Garcia, Jesus Maria"]
[Black "Morozevich, Alexander"]
[Result "1-0"]
[WhiteElo "2490"]
[BlackElo "2575"]
[Annotator "Boensch,U"]
[PlyCount "103"]
[EventDate "1994.12.??"]
[EventType "tourn"]
[EventRounds "9"]
[EventCountry "ESP"]
[EventCategory "13"]
[SourceTitle "CBM 046"]
[Source "ChessBase"]
[SourceDate "1995.06.01"]
[SourceVersion "1"]
[SourceVersionDate "1995.06.01"]
[SourceQuality "1"]

1. e4 c5 2. Nf3 e6 3. d4 cxd4 4. Nxd4 Nc6 5. Nc3 d6 6. Be3 Nf6 7. Qd2 Be7 8. f3
O-O 9. O-O-O a6 10. g4 Nxd4 11. Qxd4 b5 12. g5 (12. e5 dxe5 13. Qxe5 Nd7 14.
Qe4 Rb8 15. Bd3 g6 $15) 12... Nd7 13. h4 Rb8 (13... Bb7 14. f4 (14. Kb1 $142)
14... Rc8 15. Kb1 Qa5 16. h5 b4 17. h6 gxh6 18. Nd5 exd5 19. exd5 Rc5 20. Bg2
Nb6 21. Qd3 Qb5 22. Bxc5 Qxd3 23. Rxd3 dxc5 24. Rxh6 Nc4 25. Rdh3 Bc8 26. Rh2
Re8 27. Rxh7 Bf6 28. a3 Bf5 29. R7h4 b3 {0-1 Romero Holmes,A-Georgiev,Ki/
Tarrasa (11) ;CBM 19 1990}) 14. Kb1 $1 (14. Qd2) 14... b4 15. Ne2 Bb7 $6 (15...
a5 $142 {/\a5-a4}) 16. h5 a5 (16... Bxg5 17. Bxg5 Qxg5 18. h6 $1 $40 Qf6 (18...
Qe5 19. hxg7 Rfd8 20. Qxd6 $14) (18... e5 19. Qxd6 g6 20. Bh3 $1 (20. Qxd7 Rbd8
) 20... Nf6 21. Rdg1 $1 $18) 19. hxg7 Rfd8 20. Qf2 $13 (20. Qxd6 $2 Ne5)) 17.
g6 $1 Bf6 (17... hxg6 18. hxg6 fxg6 19. Bh3 Nc5 20. Qxc5 dxc5 21. Bxe6+ Rf7 22.
Rxd8+ Rxd8 23. Nf4 $1 Rd6 24. Nxg6 $18) 18. gxf7+ Rxf7 19. Qxd6 Qe8 $2 (19...
Ne5 20. Qxd8+ Rxd8 21. Bh3 Bc8 22. Nd4) 20. Bh3 Nf8 (20... Nc5 21. Bxe6 Rd8 22.
Bxf7+ Kxf7 (22... Qxf7 23. Qxd8+) 23. Qc7+ $18) 21. Nf4 Bg5 22. Bc1 e5 23. Nd5
Bxc1 24. Kxc1 h6 (24... Rxf3 25. h6 $1) 25. Bg4 Kh8 26. Rh2 Rd8 27. Nc7 $1 Rxd6
28. Nxe8 Rxd1+ 29. Kxd1 Bc6 30. Nd6 Rc7 31. Rd2 Kg8 32. b3 (32. Nc4 Bxe4 33.
Nxe5 $16) 32... Bd7 33. Nc4 Bxg4 34. fxg4 Nd7 35. Ke2 (35. Rd5 Nf6) 35... a4
36. Kf3 Kf8 37. Rd5 axb3 38. axb3 Ke7 39. Rb5 Nc5 40. Rxb4 Ne6 41. Ke3 Kf6 (
41... Nd4 42. Kd3 $1) 42. Rb6 Ra7 43. b4 Ra1 44. Kd2 (44. Kd3 $6 Rd1+ $1) 44...
Rg1 45. Ne3 Ke7 46. c4 Ng5 47. Kd3 Ra1 48. Nd5+ Kf7 49. Rb7+ Kf8 50. Rb8+ Kf7
51. Rb7+ (51. c5 $2 Rd1+ 52. Kc4 Rd4+ 53. Kb5 Nxe4) 51... Kf8 52. Nc3 1-0

[Event "Olympiad-31"]
[Site "Moscow"]
[Date "1994.12.03"]
[Round "3.1"]
[White "Ye, Jiangchuan"]
[Black "Topalov, Veselin"]
[Result "0-1"]
[WhiteElo "2575"]
[BlackElo "2645"]
[Annotator "Boensch,U"]
[PlyCount "57"]
[EventDate "1994.12.01"]
[EventType "team-swiss"]
[EventRounds "14"]
[EventCountry "RUS"]
[SourceTitle "CBM 045"]
[Source "ChessBase"]
[SourceDate "1995.04.01"]
[SourceVersion "1"]
[SourceVersionDate "1995.04.01"]
[SourceQuality "1"]
[WhiteTeam "China"]
[BlackTeam "Bulgaria"]
[WhiteTeamCountry "CHN"]
[BlackTeamCountry "BUL"]

1. e4 c5 2. Nf3 d6 3. d4 cxd4 4. Nxd4 Nf6 5. Nc3 a6 6. Be3 e6 7. f3 b5 8. Qd2 (
8. g4 h6 (8... b4 9. Nce2 h6 10. Qd2 e5 11. Nf5 d5 12. O-O-O Qa5 13. Kb1 Be6
14. Nc1 d4 15. Bf2 g6 16. Ng3 Nbd7 17. h4 Rc8 $15 {Nunn,J-Situru,N Moskow olm 
(04) ENG-INA 1994 0-1 36 - CBM 45}) 9. h4 Bb7 10. Rh3 Nfd7 11. Qd2 Ne5 12.
O-O-O Nbd7 13. g5 hxg5 14. Bxg5 Qa5 15. f4 Nc6 16. Nb3 Qc7 17. f5 $16 {Frolov,
A-Arnason,J EUCup f Lyon 1994 1-0 34 - CBM 45}) 8... Bb7 (8... Nbd7 9. g4 Nb6
10. g5 Nfd7 11. f4 Bb7 12. a3 Nc5 13. Bg2 Nc4 14. Qe2 e5 15. Nb3 Ne6 16. f5
Nxe3 17. Qxe3 Nf4 18. Qg3 Rc8 19. Bf3 h6 $17 {Hatanbaatar,B-Short,N Moskow olm
(01) MON-ENG 0-1 54 - CBM 45}) 9. g4 h6 10. O-O-O Nbd7 11. h4 (11. Bd3 Ne5 12.
Rhe1 b4 13. Na4 d5 14. exd5 Nxd5 15. Bf2 Bd6 16. Bf5 O-O 17. Nxe6 fxe6 18.
Bxe6+ Kh8 19. Bxd5 Nxf3 20. Bxf3 Bxf3 21. Bb6 Bxd1 22. Bxd8 Raxd8 $15 {
Hjartarson,J-Kasparov,G Thessaloniki ol 1988}) 11... b4 12. Nce2 (12. Na4 $146
d5 13. Bh3 Qa5 14. b3 Nc5 15. g5 Nxa4 16. bxa4 Nd7 17. g6 Nc5 18. gxf7+ Kxf7
19. Nb3 Nxb3+ 20. axb3 $16 {Gunawan,Ru-Paschall,W New York op (09) 1994 1-0 34}
) 12... d5 13. Bh3 (13. exd5 Nxd5 14. Nf4 Nxe3 15. Qxe3 Qb6 16. Bc4 O-O-O 17.
Nd3 Qc7 $15 {Sax,Gy-Anand,V Philadelphia 1986}) 13... dxe4 (13... Ne5 14. Nf4
g5 15. hxg5 Nc4 16. Qe2 Qa5 17. Kb1 hxg5 18. Nfxe6 fxe6 19. Bxg5 Be7 20. Nxe6
$16 {De La Riva-Vera/1993/}) (13... Qa5 14. Kb1 g6 (14... dxe4 15. g5 hxg5 16.
hxg5 exf3 17. Ng3 Bd5 18. Nb3 Qc7 19. gxf6 Nxf6 20. Bf4 Bd6 21. Bxd6 Qxd6 22.
Qg5 $18 {Magem_Badals,J-Vera,R Barcelona 1990 -Inf.50/247}) 15. g5 Nh5 16. f4
O-O-O 17. f5 gxf5 18. exf5 e5 19. Ne6 $18 {Magem_Badals,J-Brenninkmeier,J Novi
Sad (ol) 1990 -Inf.50/247}) 14. g5 hxg5 (14... exf3 15. Ng3 (15. Nf4 Ne4 16.
Qe1 f2 $2 (16... Bd6 17. Ndxe6 $1 fxe6 18. Nxe6 Qe7 19. Bd4 {/\ 20.Ng7, 20.Bf5
+/- Magem_Badals -Inf.50/248}) (16... Qa5 $6 17. g6 f5 18. Nfxe6 Qxa2 19. Nb3
Rc8 20. Rxd7 Kxd7 21. Bxf5 Ke8 22. Bxe4 Bxe4 23. Bc5 Bxc5 24. Nexc5 Kd8 25.
Qxe4 Kc7 26. Qe7+ {1-0 De la Villa Garcia,J-Martin Vazquez/Sevilla op (2) 1993}
) 17. Bxf2 Bd6 18. Nfxe6 fxe6 19. Bxe6 Qe7 20. Nf5 $18 {Magem_Badals,
J-Rojo_Huerto,G Spanien(ch) 1990 -Inf.50/248}) 15... Nd5 16. g6 Nc5 17. gxf7+
Kxf7 18. Nxf3 $13 {Savko-Karklins URS 1990 -Inf.50/248}) 15. hxg5 exf3 16. Ng3
(16. Nf4 Ne4 17. Qe1 f2 (17... Rxh3 $146 18. Nxh3 e5 19. Nb3 (19. Nf5 $2 Qa5
20. Kb1 Bd5 21. a3 Rb8 {/\ Nc3 -+}) (19. Nxf3 $2 Qa5 (19... Nc3 20. g6 $13) 20.
Kb1 Nc3+ 21. bxc3 Bxf3 $17 (21... bxc3 22. Nd4 $1 $13)) 19... a5 20. Nd2 Qc7 $6
$16 {Anand,V-Ljubojevic,L Buenos Aires Sicilian (08) 1-0 39 - CBM 44} (20... f2
$1 21. Nxf2 Nxf2 22. Bxf2 Bxh1 23. Qxh1 Rc8 $15)) (17... Nxg5 18. Ndxe6 $1 $16
fxe6 19. Bxe6 Nxe6 20. Rxh8 Qf6 21. Rd6 $1 O-O-O 22. Nxe6 Re8 23. Qxb4 f2 24.
Qc4+ Kb8 25. Qc7+ Ka8 26. Rxa6+ {1-0 Romero Holmes,A-Tukmakov,V Wijk-B (08)
1991}) 18. Bxf2 Qxg5 19. Be3 Qh4 20. Ndxe6 $1 Qxe1 21. Nxg7+ Kd8 22. Rhxe1 Rxh3
$1 23. Nxh3 Bxg7 24. Ng5 Ke8 $2 (24... Kc8 $1 25. Nxf7 a5) 25. Nxf7 Ne5 $2 (
25... Ndf6 $5 26. Nd6+ Nxd6 27. Rxd6 $14) 26. Nd6+ $1 Nxd6 27. Rxd6 Kf8 28. Bh6
Bxh6+ 29. Rxh6 Nf7 30. Rb6 $18 {Anand,V-Beliavsky,A/Groningen/1993/1-0 (38)})
16... Ne4 (16... Ne5 $5 17. gxf6 gxf6 $13 18. Kb1 Qc7 19. Bf4 Bd5 20. Qe3 Be7
21. Bg2 Rxh1 22. Bxh1 O-O-O 23. Nxf3 $6 Bxa2+ 24. Kc1 Rxd1+ 25. Kxd1 Nc4 $1 26.
Qc1 e5 27. Bh6 f5 $17 {Velimirovic,D-Bronstein,D Donner mem-B (08) 1994 0-1 38
- CBM 43}) 17. Nxe4 Bxe4 18. Bf4 $2 (18. Bxe6 $1 Rxh1 19. Rxh1 (19. Bxd7+ Qxd7
20. Rxh1 O-O-O $17) 19... fxe6 20. Nxe6 Qe7 $1 (20... Qa5 $2 21. Rd1 Bc6 22.
Nxf8 Nxf8 (22... Qxa2 23. Qd6 Qa1+ 24. Kd2 Qxb2 25. Bd4 $18) 23. Qd6 Rc8 24.
Bc5 Kf7 25. Qf4+ $1 Kg6 26. Rd6+ Kh5 27. Qf5 $1 $18) (20... Qc8 21. Bf4 Kf7 22.
Re1 $1 $40) 21. Nc7+ Kf7 22. Qd4 Kg6 $1 23. Rh4 Nc5 24. Nxa8 $1 Bxa8 25. Rf4 $1
Qe8 26. Rxf8 Qxf8 27. Qxc5 Qxc5 28. Bxc5 $10 {Zagrebelny,S-Efremov,V Alushta
op 1994 1/2 37}) (18. Nxe6 $6 fxe6 19. Bxe6 Nc5 $1 20. Rxh8 (20. Qxd8+ Rxd8 21.
Rxd8+ Kxd8 22. Rxh8 Nxe6 $19) 20... Qxd2+ 21. Bxd2 Nxe6 22. Bxb4 Kf7 $19) 18...
Nc5 19. Qe3 Qa5 20. Kb1 Bd5 21. Nb3 Nxb3 22. axb3 Qc5 $19 {Die Partie wurde
durch die bessere Hausanalyse entschieden.} 23. Qd3 Qc6 24. g6 Be4 25. gxf7+
Kxf7 26. Qd2 Rc8 27. Rc1 Be7 28. Rh2 Qd5 29. Qe1 (29. Qe1 Rxh3 $1 30. Rxh3 Qf5
31. Rh2 Qxf4 $19) 0-1

[Event "Pamplona 9091 1st"]
[Site "Pamplona"]
[Date "1990.??.??"]
[Round "?"]
[White "De la Villa Garcia, Jesus Maria"]
[Black "Yudasin, Leonid"]
[Result "0-1"]
[WhiteElo "2475"]
[BlackElo "2615"]
[Annotator "Boensch,U"]
[PlyCount "56"]
[EventDate "1990.12.??"]
[EventType "tourn"]
[EventRounds "9"]
[EventCountry "ESP"]
[EventCategory "12"]
[SourceTitle "CBM 021"]
[Source "ChessBase"]
[SourceDate "1991.04.01"]
[SourceVersion "1"]
[SourceVersionDate "1991.04.01"]
[SourceQuality "1"]

1. e4 c5 2. Nf3 d6 3. d4 cxd4 4. Nxd4 Nf6 5. Nc3 a6 6. Be3 e6 7. f3 b5 8. Qd2
Nbd7 9. g4 Nb6 (9... h6 10. O-O-O Bb7 11. Bd3 Ne5 12. Rhe1 Be7 13. Kb1 Nfd7 14.
f4 Nxg4 15. Bg1 b4 16. Nd5 $13 {Conquest,S-Stohl,I Prag 1989 -Inf.48/302}) 10.
a4 {N} (10. O-O-O Bb7 11. Ncxb5 axb5 12. Bxb5+ Nfd7 13. Qb4 Nc8 14. Nc6 Bxc6
15. Bxc6 Rxa2 16. Qb7 Ne7 17. Kb1 Nxc6 18. Kxa2 Nce5 $13 {Tischbierek,R-Vogt,L
Strahlsund DDR(ch) 1988}) (10. Qf2 $5) 10... Nc4 (10... b4 $6 11. Nd1 (11. Na2
$5) 11... Bb7 $2 (11... d5 12. e5 Nfd7 13. f4 $14) 12. a5 $16) 11. Bxc4 bxc4
12. O-O-O Qc7 13. e5 $2 (13. g5 Nd7 14. Nf5 $2 (14. f4 $13) 14... exf5 15. Nd5
Qc6 16. exf5 Bb7 $19) 13... dxe5 14. Ndb5 axb5 15. Nxb5 Qe7 (15... Qa5 $5 16.
Qxa5 (16. Nd6+ Bxd6 17. Qxd6 Ra6 $19) 16... Rxa5 17. Nc7+ Ke7 18. Bb6 Rd5 $17)
16. Bc5 Rxa4 17. b3 (17. Kb1 Qd7) 17... Ra1+ 18. Kb2 Rxd1 19. Rxd1 Qd7 20. Qa5
Qxd1 21. Nc7+ Kd7 22. Qb5+ Kd8 (22... Kxc7 $6 23. Qa5+ (23. Bb6+ $2 Kb8 $19)
23... Kc6 (23... Kd7 24. Qb5+ Kd8 25. Bb6+ Ke7 26. Bc5+ Qd6 $17) (23... Kb7 $4
24. Qb6+ Ka8 25. Qa7#) 24. Qb6+ Kd5 25. bxc4+ Kxc4 26. Qb4+ Kd5 27. c4+ Kc6 28.
Qb6+ $10 Kd7 29. Qb5+ $10) 23. Bb6 Nd7 $19 24. Nxe6+ Ke7 25. Nd8 c3+ 26. Kxc3
Qxf3+ 27. Kb2 Ke8 28. Nc6 Ba6 0-1

[Event "Rubinstein Memorial 32nd"]
[Site "Polanica Zdroj"]
[Date "1995.??.??"]
[Round "5"]
[White "Topalov, Veselin"]
[Black "Wojtkiewicz, Aleksander"]
[Result "1-0"]
[WhiteElo "2670"]
[BlackElo "2570"]
[Annotator "Boensch,U"]
[PlyCount "51"]
[EventDate "1995.08.??"]
[EventType "tourn"]
[EventRounds "11"]
[EventCountry "POL"]
[EventCategory "14"]
[SourceTitle "CBM 049"]
[Source "ChessBase"]
[SourceDate "1995.12.01"]
[SourceVersion "1"]
[SourceVersionDate "1995.12.01"]
[SourceQuality "1"]

1. e4 {Ftacnik} c5 2. Nf3 d6 3. d4 cxd4 4. Nxd4 Nf6 5. Nc3 a6 6. Be3 Nc6 7. f3
e6 8. g4 Be7 9. Qd2 O-O 10. O-O-O Nxd4 11. Bxd4 b5 12. Kb1 (12. h4 Rb8 13. g5
Nd7 14. Kb1 (14. Ba7 Rb7 15. Be3 Qc7 16. Bd3 b4 17. Ne2 b3 18. axb3 Rxb3 $15 {
Magem Badals,J-Ehlvest,J Pamplona (5) 1991 0-1 38}) 14... b4 15. Ne2 Ne5 (15...
Qc7 16. h5 Ne5 17. Ng1 (17. f4 Nc4 18. Qd3 e5 19. Nc1 Bg4 20. Qxc4 Qxc4 21.
Bxc4 Bxd1 22. Rxd1 exd4 23. Nb3 $14 {Tiviakov,S-Van Wely,L Wijk (06) 1994 1-0
46}) 17... Nc4 18. Bxc4 Qxc4 19. h6 g6 20. Bf6 Bxf6 21. gxf6 Rb6 22. Nh3 Bb7
23. Qe3 Rc6 $132 {Smirin,I-Van Wely,L Wijk (09) 1994 0-1 41}) 16. Bg2 Nc4 17.
Qd3 Qc7 18. b3 Na3+ 19. Kb2 Bd7 20. c4 $10 {Leko,P-Van Wely,L Wijk (02) 1994 1/
2 56}) (12. Bxf6 $6 Bxf6 13. Qxd6 Qa5 $40) 12... Bb7 13. h4 Rc8 14. g5 Nd7 15.
a3 (15. Rg1 b4 $1 (15... Ne5 16. Qf2 (16. Rg3 Qc7 17. h5 b4 18. Na4 d5 (18...
Bc6 $5) 19. g6 fxg6 20. Bh3 Qd6 21. hxg6 h6 22. Nc5 Nc4 23. Bxe6+ Qxe6 24. Nxe6
$16 {Thorhallsson-Palac Hartberg op (5) 1991 0-1 37} (24. Nxe6 Nxd2+ 25. Rxd2
dxe4 26. Nxf8 Rxf8 27. Bxg7 Kxg7 28. Rd7 $17 {0-1 Thorhallsson-Palac/Hartberg
op (5) 1991 (37)})) 16... Nc4 17. Bxc4 Rxc4 18. h5 Qc7 19. g6 fxg6 20. hxg6 h6
21. Rh1 Bf6 22. Bxf6 Rxf6 $17 {Ryan,J-Milu,R Manila olm 1992 0-1 30} (22...
Rxf6 23. Qg3 b4 24. Na4 d5 $17 {Ryan,J-Milu,R/Manila olm/1992/0-1 (30)})) 16.
Ne2 (16. Na4 Bc6 17. Qxb4 d5 $19) 16... Ne5 17. Rg3 $6 (17. Bg2 Nc4 18. Qxb4
Qd7 19. Qb3 a5 $40) 17... Nc4 18. Qc1 e5 $1 $17 {Topalov,V-Kasparov,G
Amsterdam Euwe-mem (3) 1995 0-1 28} (18... e5 {Ftacnik} 19. Bf2 a5 20. Bg2 Ba6
21. Re1 a4 22. Bh3 Rc6 23. Qd1 d5 24. exd5 $17 {Topalov,V-Kasparov,G/Amsterdam
Euwe-mem (3)/1995/0-1 (28)})) (15. g6 fxg6 (15... b4 16. gxh7+ Kh8 17. Ne2 e5
18. Be3 f5 19. Qxb4 {Varavin,V-Pugachev,A/Budapest op/1992/} (19. Bh3 $1 {
Ftacnik} f4 $1 20. Bf2 a5 $44) 19... Ba8 20. Qd2 fxe4 $13 {Varavin,V-Pugachev,
A Kobanya op (08) 1992 1-0 54}) (15... Ne5 $6 16. Qg2 (16. gxf7+ {Ftacnik} Rxf7
17. Bxe5 dxe5 18. Bh3 Qxd2 19. Rxd2 Rc6 20. Bg4 $10) 16... Bf6 17. gxh7+ Kh8 (
17... Kxh7 {Ftacnik} 18. Rg1 Qe7 19. h5 Rfd8 $13) 18. Rg1 Qe7 19. h5 Rfd8 20.
f4 $16 {Varavin,V-Obukhov,A Krasnodar 1991 1-0 30  Varavin,V-Obukhov,A/USSR/
1991/}) 16. Bh3 e5 $17) (15. Bd3 b4 (15... Ne5 16. Qg2 Nxd3 17. Rxd3 b4 18. Nd1
Qc7 19. b3 $10 {Fedorov,A-Mochalov,E Minsk (10) 1995 1-0 63 - EXP 46} (19. b3
e5 20. Bb2 f5 21. gxf6 Rxf6 22. Ne3 Rcf8 23. Ng4 Re6 24. h5 $14 {Fedorov,
A-Mochalov,E/Minsk (10) 1995/1-0 (63)})) (15... Nc5 16. Rdg1 e5 17. Be3 b4 18.
Nd5 Bxd5 19. exd5 Nxd3 20. Qxd3 Qc7 21. Rg4 $14 {Rodriguez,A-Larsen,B San
Martin (03) 1995 1-0 57} (21. Rg4 {Ftacnik} a5 22. Rhg1 f5 23. gxf6 Bxf6 24.
Bg5 $14 {Rodriguez,A-Larsen,B/San Martin (03)/1995/1-0 (57)})) 16. Ne2 a5 17.
Ng3 Qc7 18. h5 Ne5 19. f4 Nf3 20. Qf2 Nxd4 21. Qxd4 Qc5 $15 {Salazar,H-Panno,O
Buenos Aires Cup Lat (07) 1991 1/2 29} (21... Qc5 22. Qg1 Qxg1 23. Rhxg1 Rc5
24. Ne2 Rd8 25. c3 bxc3 26. Nxc3 Bc6 27. Be2 Bd7 28. Rd4 Rb8 29. Na4 Bxa4 {
1/2-1/2 Salazar,H-Panno,O/Buenos Aires Cup Lat (7) 1991})) (15. Bh3 Ne5 16. Qg2
Nc4 17. g6 Bf6 18. gxf7+ Kxf7 19. Ne2 Rc7 20. Nf4 Bc8 21. e5 dxe5 22. Bxe5 Qe7
23. Bxc7 Qxc7 24. Bxe6+ $16 {Kovacevic,A-Zetocha,C Szekszard op (09) 1994 1/2
37 Kovacevic,A-Zetocha,C/Szekszard op (09)/1994/0.5 (37)}) 15... Qc7 $2 $146 {
Zu langsam und in einigen Varianten ein Tempoverlust.} (15... Ne5 16. Qe3 (16.
Bxe5 $6 dxe5 $17) 16... Nc4 17. Bxc4 Rxc4 18. Rhg1 (18. Rd3 $5 $146 Qe8 (18...
Qc7 19. Bb6 Qc8 20. Ba5 $14 {/\ Bb4}) (18... Qb8 $5 {/\ b4}) (18... b4 $2 19.
axb4 Rxb4 20. Bc5 $16 {/\ Bd6}) 19. Rg1 e5 20. Bb6 f5 21. gxf6 Rxf6 22. Ba5 Bf8
23. Rgd1 Qh5 24. Bb4 h6 25. Bxd6 Bxd6 26. Rxd6 Qxf3 $10 {Wang Zili-Boensch,U
Peking op (07) 2nd. S.T. Lee Cup 1995 1-0 62}) (18. f4 b4 19. axb4 Rxb4 {xe4})
18... b4 19. axb4 Rxb4 $15 {Topalov,V-Kasparov,G Novgorod (04) 1995 0-1 40 -
CBM 48} (19... Rxb4 {Ftacnik} 20. Rg2 (20. f4 Qc7 21. f5 e5 22. Ba7 Rc8 $15)
20... Ba8 21. b3 (21. h5 e5 22. Bc5 Rc4 23. Ba3 Qc7) 21... a5 22. h5 Qc7 23.
Bf6 (23. g6 e5 24. gxh7+ Kh8 25. Ba7 Rc8 26. h6 g6 27. Rd3 Bc6 $40) 23... Rfb8
(23... gxf6 $4 24. gxf6+ Kh8 25. Qg5 $18) 24. Bxe7 (24. h6 a4 $40) 24... Qxe7
25. Rd4 (25. h6 $2 a4 $19) 25... e5 26. Rxb4 axb4 {Topalov,V-Kasparov,G/
Novgorod (04)/1995/0-1 (40)})) 16. Rg1 Kh8 $6 (16... Ne5 {Ftacnik} 17. Qe3 Nc4
18. Bxc4 Qxc4 19. Bf6 $1 $16) 17. h5 e5 {xd5} (17... f5 {Ftacnik} 18. h6 e5 19.
hxg7+ Kxg7 20. Be3 $16) 18. Be3 f5 {Damit wird der direkte K-Angriff zwar
gestoppt, aber die Felderschwaechen d5 und e6 garantieren Weiß vorzuegliches
Spiel.} (18... Nb6 {Ftacnik} 19. g6 $1 $40) 19. exf5 $1 (19. g6 {Ftacnik} f4
20. Bf2 h6 $13) 19... Rxf5 (19... Bxf3 {Ftacnik} 20. f6 $5 (20. Be2 Bxe2 21.
Qxe2 Rxf5 22. Nd5 Qd8 23. g6 $40 h6 $140 24. Qg4 Rf8 25. Bxh6 $1 $18) 20...
gxf6 21. g6 Rg8 22. Be2 $40) 20. Nd5 $3 {Ganz hervorragend gespielt! Mit der
radikalen Ausnutzung der weißen Felder widerlegt Topalov den Aufbau seines
Gegners.} Bxd5 (20... Qd8 21. Nxe7 Qxe7 22. Qxd6 Qxd6 23. Rxd6 $18 (23. Rxd6 {
Ftacnik} Rf7 24. Bh3 $18)) 21. Qxd5 Qxc2+ 22. Ka2 {Es droht Bd3, Bh3, Rc1 und
gelegentlich Qe6 bzw. mit dem B auf d3 Qe4.} Rff8 (22... Nc5 {Ftacnik} 23. Rd2
(23. Bh3 $2 Na4 24. Qd2 Nc3+ 25. Ka1 Nxd1) 23... Qa4 24. Bh3 $16) (22... Rc3 {
Ftacnik} 23. Rd3 (23. Bd3 $4 Rxa3+ $1 24. Kxa3 Qa4#) 23... Rc7 24. Bh3 Qc4+ (
24... Rf8 25. Rc1 $18) 25. Qxc4 bxc4 26. Bxf5 cxd3 27. Bxd3 $16) (22... Qc6 {
Ftacnik} 23. Qe6 $18) 23. Rc1 Qa4 (23... Qf5 24. Bd3 Qh3 25. Rh1 Qg2 26. Qe4 g6
27. hxg6 $18) (23... Nb6 {Ftacnik} 24. Qb7 $18) 24. Qe6 (24. Rxc8 Rxc8 25. Qe6
b4 26. Qxe7 bxa3 27. Rg4 Qc2 28. Rg2 Qc6 (28... Qa4 29. b3 $18) 29. h6 $18)
24... Rxc1 25. Bxc1 Qd4 (25... b4 26. Qxe7 bxa3 27. b3 Qc6 28. Bd3 Qxf3 29. Rf1
Qg2+ 30. Kxa3 Rxf1 31. h6 gxh6 32. Qxh7#) (25... Qc2 {Ftacnik} 26. Qxd7 Qxc1
27. Qxe7 $18) 26. Rg4 (26. Rg4 Qd1 27. Qxd7 Qxf1 (27... Bd8 {Ftacnik} 28. h6 $1
$18) 28. Qxe7 $18) 1-0